01720nas a2200241Ia 4500001001100000003001000011008004100021040002500062041001300087100003000100210005000130222005000180245006000230250001100290260008100301300001100382310001000393362001300403500046200416501011400878520046200992650002401454R235-R2344IT-CnALBA170116c99999999xx |||||||||||| ||und|| aIT-CnALBAcIT-CnALBA aITALIANO aBERTI P. M. CORRADO, OSM. aLA MARIOLOGIA DEI MESSALI ROMANO E AMBROSIANO aLA MARIOLOGIA DEI MESSALI ROMANO E AMBROSIANO 0aLA MARIOLOGIA DEI MESSALI ROMANO E AMBROSIANO. VOL. I.  a1a ed. aROMAbEDIZIONI MARIANUM ROMA'c1963 [1° Ed.:1963 - Ed.Ling.Originale: 1963] a84 p.  aVARIA a (1963) aI TESTI. PRESENTAZIONE DELLA BEATA VERGINE MARIA. IMMACOLATA CONCEZIONE. PURIIFICAZIONE. APPARIZIONE DELLA VERGINE IMMACOLATA. ANNUNCIAZIONE. REGALITÀ DI MARIA. VISITAZIONE. LA MADONNA DEL MONTE CARMELO. DEDICAZIONE DI S. MARIA MAGGIORE. ASSUNZIONE. CUORE IMMACOLATO. NATIVITÀ. NOME DI MARIA. SETTE DOLORI DELLA VERGINE. BEATA MARIA DELLA MERCEDE, DEL ROSARIO. MATERNITÀ. SABATO DELLA BEATA VERGINE MARIA. COMUNE DELLE FESTE MARIANE. INDICE GENERALE.  aSocietà San Paolo EM - Piazza San Paolo, 14 - 12051 ALBA (CN) (non commercial uses only) ® Copyright 2017 aI TESTI. PRESENTAZIONE DELLA BEATA VERGINE MARIA. IMMACOLATA CONCEZIONE. PURIIFICAZIONE. APPARIZIONE DELLA VERGINE IMMACOLATA. ANNUNCIAZIONE. REGALITÀ DI MARIA. VISITAZIONE. LA MADONNA DEL MONTE CARMELO. DEDICAZIONE DI S. MARIA MAGGIORE. ASSUNZIONE. CUORE IMMACOLATO. NATIVITÀ. NOME DI MARIA. SETTE DOLORI DELLA VERGINE. BEATA MARIA DELLA MERCEDE, DEL ROSARIO. MATERNITÀ. SABATO DELLA BEATA VERGINE MARIA. COMUNE DELLE FESTE MARIANE. INDICE GENERALE.  aANGELI SANTI DEMONI